|
|
|
|
| LEADER |
00926nam a2200277 i 4500 |
| 001 |
c000233857 |
| 003 |
CARM |
| 005 |
00000000000000.0 |
| 008 |
840229s1964 sw a b 000 0 swe d |
| 019 |
1 |
|
|a 10212975
|5 LACONCORD2021
|
| 035 |
|
|
|a (OCoLC)24822694
|5 LACONCORD2021
|
| 041 |
0 |
|
|a swe
|
| 043 |
|
|
|a e-sw---
|
| 045 |
|
|
|a x6x6
|
| 082 |
0 |
4 |
|a 332.609485
|
| 100 |
1 |
|
|a Puu, Tönu,
|d 1936-
|
| 245 |
1 |
0 |
|a Studier i det optimala tillgangsvalets teori /
|c av Tonu Puu.
|
| 260 |
|
|
|a Uppsala :
|b Almquist & Wiksell,
|c 1964.
|
| 300 |
|
|
|a 311p. :
|b ill.
|
| 500 |
|
|
|a Summary in English.
|
| 504 |
|
|
|a Bibliography: p.309-311.
|
| 650 |
|
0 |
|a Income
|z Sweden.
|
| 650 |
|
0 |
|a Investments
|z Sweden.
|
| 852 |
8 |
|
|b CARM
|h A1:AP19D0
|i C09232
|p 0371713
|f BK
|
| 999 |
f |
f |
|i 212497ff-2a6a-5620-a554-8d430dddf7a8
|s 5192250c-08aa-5c44-9e12-7a170a5c0318
|
| 952 |
f |
f |
|p Can circulate
|a CAVAL
|b CAVAL
|c CAVAL
|d CARM 1 Store
|e C09232
|f A1:AP19D0
|h Other scheme
|i book
|m 0371713
|